Online
Catalog

Un régimen social moderno : (Record no. 6588)

MARC details
000 -CABECERA
campo de control de longitud fija 01051cam a2200301 a 4500
001 - NÚMERO DE CONTROL
campo de control 000006800
003 - IDENTIFICADOR DEL NÚMERO DE CONTROL
campo de control DO-SdBNP
005 - FECHA Y HORA DE LA ÚLTIMA TRANSACCIÓN
campo de control 20231114115612.0
008 - DATOS DE LONGITUD FIJA--INFORMACIÓN GENERAL
campo de control de longitud fija 721226s1970 sp 001 0 spa
035 ## - NÚMERO DE CONTROL DEL SISTEMA
Número de control de sistema (DLC) 70270556
035 ## - NÚMERO DE CONTROL DEL SISTEMA
Número de control de sistema (OCoLC)523863
040 ## - FUENTE DE LA CATALOGACIÓN
Centro catalogador/agencia de origen DO-SdBNP
Centro/agencia transcriptor OWoC
Centro/agencia modificador BNPHU
049 ## - FONDOS LOCALES (OCLC)
Fondos de biblioteca BNGR
082 ## - NÚMERO DE LA CLASIFICACIÓN DECIMAL DEWEY
Número de clasificación 320.946
Número de documento/Ítem I24r
100 1# - ENTRADA PRINCIPAL--NOMBRE DE PERSONA
Nombre de persona Iglesias Selgas, Carlos.
9 (RLIN) 18891
245 13 - MENCIÓN DE TÍTULO
Título Un régimen social moderno :
Resto del título reflexiones sobre la España actual /
Mención de responsabilidad, etc. Carlos Iglesias Selgas.
260 ## - PUBLICACIÓN, DISTRIBUCIÓN, ETC.
Lugar de publicación, distribución, etc. Bilbao, (España) :
Nombre del editor, distribuidor, etc. Mensajero,
Fecha de publicación, distribución, etc. 1970.
300 ## - DESCRIPCIÓN FÍSICA
Extensión 445 p. ;
Dimensiones 22 cm.
490 1# - MENCIÓN DE SERIE
Mención de serie Biblioteca Fomento social
490 1# - MENCIÓN DE SERIE
Mención de serie Ideas sociales y políticas.
Designación de volumen o secuencia 10
504 ## - NOTA DE BIBLIOGRAFÍA, ETC.
Nota de bibliografía, etc. Bibliografía: p. [415]-437.
651 #4 - PUNTO DE ACCESO ADICIONAL DE MATERIA--NOMBRE GEOGRÁFICO
Nombre geográfico España
Subdivisión general Política y gobierno
Subdivisión cronológica 1939-1975.
9 (RLIN) 18892
651 #4 - PUNTO DE ACCESO ADICIONAL DE MATERIA--NOMBRE GEOGRÁFICO
Nombre geográfico España
Subdivisión general Condiciones sociales.
9 (RLIN) 3502
651 #4 - PUNTO DE ACCESO ADICIONAL DE MATERIA--NOMBRE GEOGRÁFICO
Nombre geográfico España
Subdivisión general Condiciones económicas
Subdivisión cronológica 1918-1975.
9 (RLIN) 18893
830 #0 - PUNTO DE ACCESO ADICIONAL DE SERIE-TÍTULO UNIFORME
Título uniforme Biblioteca Fomento social ;
Designación de volumen o secuencia 10
Nombre de parte o sección de la obra Ideas sociales y políticas.
9 (RLIN) 18894
910 ## - DATOS DE OPCIÓN DEL USUARIO (OCLC)
Datos de opción del usuario Catalogación por copia / LC
942 ## - ELEMENTOS DE PUNTO DE ACCESO ADICIONAL (KOHA)
Fuente del sistema de clasificación o colocación Dewey Decimal Classification
Tipo de ítem Koha Libro
Holdings
Estado de retiro Estado de pérdida Restricciones de uso No para préstamo Código de colección Localización permanente Ubicación/localización actual Ubicación en estantería Fecha de adquisición Número de inventario Total de préstamos Signatura topográfica completa Código de barras Fecha visto por última vez Precio válido a partir de Tipo de ítem Koha
    Préstamo interno   Monografías: Libros y Folletos General General En catalogación 02.09.2009 LF1   320.946 I24r 6800-10 25.06.2020 25.06.2020 Préstamo interno

Powered by Koha